Don't Stay - Linkin Park (Lyrics) - Statistics

General Stats
  • This quiz has been taken 69 times
  • The average score is 38 of 44
Answer Stats
Lyrics % Correct
{Don't stay}
100%
{Don't stay}
100%
{Don't stay}
100%
{Don't stay}
100%
{Don't stay}
100%
{Don't stay}
100%
{Don't stay}
100%
{Don't stay}
100%
{Don't stay} (x2)
100%
Forget our {memories}
96%
Forget our {memories}
96%
Forget our {memories}
96%
Forget our {memories}
96%
Forget our {memories}
96%
Forget our {memories}
96%
Forget our {possibilities}
93%
Forget our {possibilities}
93%
Forget our {possibilities}
93%
Forget our {possibilities}
93%
Forget our {possibilities}
93%
Forget our {possibilities}
93%
(Just give me {myself} back and)
91%
(Just give me {myself} back and)
91%
(Just give me {myself} back and)
91%
(Just give me {myself} back and)
91%
(Just give me {myself} back and)
91%
(Just give me {myself} back and)
91%
Somehow I need you to {go}
91%
Sometimes I need to remember just to {breathe}
88%
Sometimes I need you to {stay away} from me
88%
What you were {changing} me into
86%
What you were {changing} me into
86%
What you were {changing} me into
86%
Somehow I need to be {alone}
84%
Sometimes I feel like I {trusted} you too well
79%
Sometimes I just feel like {screaming} at myself
77%
Sometimes I'm in {disbelief}, I didn't know
70%
Sometimes I'm in {disbelief}, I didn't know
70%
Take all your {faithlessness} with you
68%
Take all your {faithlessness} with you
68%
Take all your {faithlessness} with you
68%
I don't need you {anymore}, don't want to be {ignored} (x2)
54%
I don't need one more {day}, of you {wasting} me away (x2)
51%
(With no {apologies})
39%
No matching quizzes found
Score Distribution
Percent of People with Each Score
Percentile by Number Answered
Your Score History
You have not taken this quiz